000 00292nam a22001337a 4500
008 170523b xxu||||| |||| 00| 0 eng d
020 _a0631174001
041 _aeng
080 _a94
100 _a16
101 _aSHH
245 _aA SHORT HISTORY OF DECAY
_cCIORAN, E.M
942 _2udc
_cBK
999 _c13870
_d13870